[Event "ch-NOR"]
[Site "Moss NOR"]
[Date "2006.07.08"]
[Round "1"]
[White "Tallaksen,G"]
[Black "Gabrielsen,T"]
[Result "1/2-1/2"]
[WhiteElo "2356"]
[BlackElo "2235"]
[EventDate "2006.07.08"]

1. d4 Nf6 2. c4 e6 3. Nf3 b6 4. g3 Bb7 5. Bg2 Be7 6. O-O O-O 7. Re1 Qc8 8.
Qc2 Na6 9. Nc3 c5 10. dxc5 Bxc5 11. Bf4 d5 12. Ne5 dxc4 13. Bxb7 Qxb7 14.
Nxc4 Nb4 15. Qb3 b5 16. Nd6 Qb6 17. Nde4 Nxe4 18. Nxe4 Nd5 19. Be5 Be7 20.
Red1 Rac8 21. Bd4 Qb8 22. Rac1 a5 23. a4 bxa4 24. Qxa4 Bb4 25. b3 Rxc1 26.
Rxc1 Rc8 27. Rc6 Rxc6 28. Qxc6 Bf8 29. Ng5 Qd8 30. h4 h6 31. Nf3 Qb8 32.
Qc4 Bd6 33. e4 Nb4 34. Qc3 Bf8 35. Ne5 Qb7 36. Qf3 Nc6 37. Nxc6 Qxc6 38.
Kg2 Qb7 39. Qd3 Qc6 40. Bc3 a4 41. bxa4 1/2-1/2

[Event "ch-NOR"]
[Site "Moss NOR"]
[Date "2006.07.08"]
[Round "1"]
[White "Hole,O"]
[Black "Stubberud,O"]
[Result "1-0"]
[WhiteElo "2346"]
[BlackElo "2202"]
[EventDate "2006.07.08"]

1. Nf3 Nf6 2. c4 e6 3. Nc3 d5 4. d4 Be7 5. Bg5 h6 6. Bh4 O-O 7. e3 b6 8.
Be2 Bb7 9. Bxf6 Bxf6 10. cxd5 exd5 11. O-O Nd7 12. Qb3 c6 13. Rac1 Re8 14.
Rfd1 Nf8 15. Bf1 g6 16. g3 Bg7 17. Bg2 Qd6 18. Rd2 f5 19. a4 Nd7 20. a5 b5
21. Rdc2 a6 22. Na2 Kh7 23. Nb4 Rac8 24. Ne1 Bf8 25. Nbd3 Qf6 26. Re2 Bd6
27. f4 Qd8 28. Qa2 Bc7 29. b4 Bd6 30. Nf3 Re6 31. Qb3 Qe8 32. Kf2 Nf6 33.
Nfe5 Nd7 34. Rec2 Nxe5 35. fxe5 Bf8 36. Nf4 Rd8 37. Nxe6 Qxe6 38. Ke1 h5
39. Rf2 Qe7 40. Rb1 Bh6 41. Kd2 Bc8 42. Qc3 Bd7 43. Kc2 Be6 44. Kb3 Rc8 45.
h3 Qg5 46. Rf3 Bf8 47. Qd2 Qe7 48. Rc1 Bh6 49. Bf1 Kg7 50. Bd3 Bg5 51. Rcf1
Rg8 52. Qc2 Qe8 53. g4 fxg4 54. hxg4 h4 55. Rf6 Kh6 56. Qf2 Qc8 57. Rh1 1-0

[Event "ch-NOR"]
[Site "Moss NOR"]
[Date "2006.07.08"]
[Round "1"]
[White "Lie,Es"]
[Black "Madsen,D"]
[Result "1/2-1/2"]
[WhiteElo "2357"]
[BlackElo "2290"]
[EventDate "2006.07.08"]

1. c4 c5 2. g3 Nf6 3. Bg2 d5 4. cxd5 Nxd5 5. Nc3 Nc7 6. Qa4+ Qd7 7. Nf3
Qxa4 8. Nxa4 Ne6 9. b3 Nd7 10. Bb2 b5 11. Nc3 Rb8 12. Rc1 Bb7 13. O-O Rg8
14. Rfd1 g5 15. d4 Bxf3 16. Bxf3 Nxd4 17. Bg4 Nf6 18. e3 Nxg4 19. exd4 cxd4
20. Nd5 f5 21. Bxd4 a5 22. h3 Nh6 23. Rc7 Rg6 24. Re1 Ng8 25. Bc5 e6 26.
Ba7 Rd8 27. Ne3 Bb4 28. Rec1 Ne7 29. Bc5 Bxc5 30. R1xc5 f4 31. Ng4 fxg3 32.
Rxb5 gxf2+ 33. Kxf2 h5 34. Ne5 Rf6+ 35. Ke2 Nd5 36. Rcc5 Nf4+ 37. Ke3 Ng2+
38. Ke2 Nf4+ 39. Ke3 Ng2+ 40. Ke2 Nf4+ 1/2-1/2

[Event "ch-NOR"]
[Site "Moss NOR"]
[Date "2006.07.08"]
[Round "1"]
[White "Sagafos,M"]
[Black "Ostenstad,B"]
[Result "0-1"]
[WhiteElo "2331"]
[BlackElo "2480"]
[EventDate "2006.07.08"]

1. e4 e6 2. d4 d5 3. Nc3 Bb4 4. e5 c5 5. a3 Bxc3+ 6. bxc3 Ne7 7. Qg4 Kf8 8.
Bd2 Qc7 9. Bd3 b6 10. Nh3 Ba6 11. Nf4 Bxd3 12. cxd3 Nbc6 13. O-O Rc8 14.
Nh5 Nf5 15. Ng3 Nce7 16. Bg5 c4 17. Qh3 cxd3 18. Nxf5 Nxf5 19. Rad1 h6 20.
Rxd3 Kg8 21. Bc1 h5 22. Bg5 Qc4 23. Re1 Qa2 24. Rf3 Qxa3 25. Rxf5 exf5 26.
Qxf5 Qxc3 27. Bd2 Qc2 28. Qf4 Qg6 29. h3 Rc2 30. Be3 Kh7 31. Qh4 Rhc8 32.
Kh2 Kg8 33. Bf4 Qf5 34. e6 f6 35. e7 Re8 36. Bg3 Kf7 37. Bd6 Rxf2 38. Kg1
Rb2 39. Re3 Qg5 40. Qxg5 fxg5 41. Re5 Rd2 0-1

[Event "ch-NOR"]
[Site "Moss NOR"]
[Date "2006.07.08"]
[Round "1"]
[White "Hansen,TR"]
[Black "Djurhuus,R"]
[Result "0-1"]
[WhiteElo "2319"]
[BlackElo "2462"]
[EventDate "2006.07.08"]

1. e4 e6 2. d4 d5 3. e5 c5 4. c3 Qb6 5. Nf3 Bd7 6. Bd3 Bb5 7. dxc5 Bxc5 8.
b4 Bxd3 9. Qxd3 Bf8 10. O-O Ne7 11. Be3 Qc7 12. Na3 a6 13. c4 Nbc6 14. Bc5
Nxe5 15. Nxe5 Qxe5 16. Rfe1 Qh5 17. Rad1 Rd8 18. Qb3 d4 19. Qa4+ Nc6 20.
Bxf8 Kxf8 21. b5 Ne7 22. bxa6 bxa6 23. Qb4 g6 24. Nc2 d3 25. Qc3 Rg8 26.
Rxd3 Rxd3 27. Qxd3 Qc5 28. Nd4 Qa5 29. Rd1 Kg7 30. Nb3 Qe5 31. Qd6 Qxd6 32.
Rxd6 Rc8 33. c5 Rc6 34. Rd7 Kf6 35. f3 Nd5 36. Kf2 Nc3 37. Rd2 e5 38. Ke3
Na4 39. Rc2 Ke6 40. Rc4 Nb6 41. Rc2 Nd7 42. g3 Kd5 43. Rd2+ Ke6 44. Rc2 Rc7
45. Rc1 Kd5 46. Rd1+ Kc6 47. Rd6+ Kb5 48. Rd5 Kb4 49. c6 Nb6 50. Rc5 a5 51.
a3+ Kxb3 52. Rb5+ Kc4 53. Rxb6 Kc5 54. Rb1 Kxc6 55. Ke4 f6 56. Rb8 Rd7 57.
Rf8 Rd4+ 58. Ke3 f5 59. Rf7 Rd7 60. Rf8 Rb7 61. Rh8 Rb3+ 62. Ke2 Rb2+ 0-1

[Event "ch-NOR"]
[Site "Moss NOR"]
[Date "2006.07.08"]
[Round "1"]
[White "Lie,K"]
[Black "Dannevig,O"]
[Result "1-0"]
[WhiteElo "2536"]
[BlackElo "2382"]
[EventDate "2006.07.08"]

1. d4 Nf6 2. Nf3 e6 3. c4 Bb4+ 4. Bd2 c5 5. Qc2 Bxd2+ 6. Nbxd2 cxd4 7. Nxd4
O-O 8. e3 d5 9. cxd5 Qxd5 10. a3 Bd7 11. Be2 Rc8 12. Bf3 Qa5 13. b4 Qb6 14.
Qd3 e5 15. Nf5 Rd8 16. Ne7+ Kf8 17. Nd5 Nxd5 18. Qxd5 Bc6 19. Qxe5 Nd7 20.
Qd6+ Kg8 21. Bxc6 bxc6 22. Nb3 Qa6 23. Qd4 c5 24. bxc5 Rab8 25. Nd2 Nb6 26.
Qf4 Qd3 27. Rd1 Nd7 28. Qc4 Qxa3 29. O-O Qxc5 30. Qa2 Nf6 31. Ra1 Ra8 32.
Rfc1 Qe7 33. Nf3 Rdc8 34. Rxc8+ Rxc8 35. h3 Ra8 36. Qa6 h6 37. Nd4 Qd7 38.
Rb1 Qc8 39. Rb7 Nd7 40. Nc6 Kh8 41. Nxa7 Qc1+ 42. Kh2 Qd2 43. Qc6 Ne5 44.
Qe4 f6 45. f4 Qd3 46. Qxd3 Nxd3 47. Rd7 Kh7 48. Kg3 h5 49. Kf3 h4 50. Rxd3
Rxa7 51. e4 Kg6 52. Kg4 Ra2 53. Kf3 Ra1 54. Rd2 Ra3+ 55. Kf2 Rb3 56. Re2
Kf7 57. Re3 Rb1 58. e5 Ke6 59. exf6+ Kxf6 60. Re5 Rb2+ 61. Kf3 Rb3+ 62. Re3
Rb5 63. Re8 Rb3+ 64. Kf2 Rb2+ 65. Re2 Rb5 66. Kf3 g5 67. Kg4 Rb4 68. Re8
gxf4 69. Rf8+ Ke5 70. Rf5+ Ke6 71. Rxf4 Rb2 72. Kf3 Rb3+ 73. Kf2 Rb2+ 74.
Kg1 1-0

[Event "ch-NOR"]
[Site "Moss NOR"]
[Date "2006.07.08"]
[Round "1"]
[White "Hammer,J"]
[Black "Johannessen,LE"]
[Result "1/2-1/2"]
[WhiteElo "2325"]
[BlackElo "2555"]
[EventDate "2006.07.08"]

1. e4 c6 2. d4 d5 3. Nd2 dxe4 4. Nxe4 Bf5 5. Nc5 Nd7 6. Nxb7 Qc7 7. Nc5
Nxc5 8. dxc5 Rd8 9. Bd3 e6 10. Be3 Nf6 11. Nf3 Qa5+ 12. Qd2 Qxd2+ 13. Kxd2
Bxc5 14. Bxc5 Bxd3 15. cxd3 Ne4+ 16. Ke2 Nxc5 17. Rhd1 Na4 18. Rd2 Rd5 19.
Rc1 Kd7 20. Rdc2 Rc8 21. Ke3 h6 22. Nd4 c5 23. Nf3 Nb6 24. d4 1/2-1/2

[Event "ch-NOR"]
[Site "Moss NOR"]
[Date "2006.07.08"]
[Round "1"]
[White "Gabrielsen,S"]
[Black "Sahl,Bj"]
[Result "1/2-1/2"]
[WhiteElo "2288"]
[BlackElo "2364"]
[EventDate "2006.07.08"]

1. e4 c5 2. Nf3 d6 3. d4 cxd4 4. Nxd4 Nf6 5. Nc3 a6 6. f4 e5 7. Nf3 Nbd7 8.
a4 Qc7 9. Bd3 Be7 10. O-O O-O 11. Kh1 Nc5 12. Qe1 Re8 13. Be3 Bd7 14. a5
Rac8 15. Nh4 Qd8 16. Nf3 Qc7 17. Nd2 Bc6 18. Bxc5 dxc5 19. fxe5 Ng4 20. Nc4
Nxe5 21. Nxe5 Qxe5 22. Bc4 Bf6 23. Nd5 Bxd5 24. Bxd5 Rc7 25. c3 Rce7 26.
Qf2 1/2-1/2

[Event "ch-NOR"]
[Site "Moss NOR"]
[Date "2006.07.08"]
[Round "1"]
[White "Jansson,J"]
[Black "Elsness,F"]
[Result "0-1"]
[WhiteElo "2300"]
[BlackElo "2428"]
[EventDate "2006.07.08"]

1. e4 c5 2. Nf3 d6 3. d4 cxd4 4. Nxd4 Nf6 5. Nc3 a6 6. Bg5 e6 7. f4 Qb6 8.
Qd2 Qxb2 9. Nb3 Qa3 10. Bxf6 gxf6 11. Be2 h5 12. O-O Nd7 13. Kh1 Nc5 14. f5
Bd7 15. fxe6 fxe6 16. Rxf6 Nxb3 17. cxb3 Qc5 18. b4 Qe5 19. Rf3 h4 20. Rb1
h3 21. g3 b5 22. Bd3 Bh6 23. Qe1 Bc6 24. Nd1 Rf8 25. Rxf8+ Kxf8 26. Nf2 Kg7
27. Qe2 Rf8 28. Re1 d5 29. Ng4 dxe4 30. Bb1 e3+ 31. Kg1 Qd5 32. Qb2+ e5 33.
Qxe5+ Qxe5 34. Nxe5 Bg2 35. Ng4 e2 36. Nf2 Rc8 37. Ng4 Bd2 38. Rxe2 Rc1+
39. Kf2 Rf1+ 0-1

[Event "ch-NOR"]
[Site "Moss NOR"]
[Date "2006.07.09"]
[Round "2"]
[White "Djurhuus,R"]
[Black "Hole,O"]
[Result "1-0"]
[WhiteElo "2462"]
[BlackElo "2346"]
[EventDate "2006.07.08"]

1. e4 c6 2. d4 d5 3. e5 Bf5 4. h4 h5 5. c4 e6 6. Nc3 Nd7 7. cxd5 cxd5 8.
Bd3 Bxd3 9. Qxd3 Rc8 10. a3 Qc7 11. Nge2 Qc4 12. Qd1 Ne7 13. Bg5 Nf5 14.
Rc1 Nb6 15. Na4 Qxa4 16. Qxa4+ Nxa4 17. Rxc8+ Kd7 18. Rd8+ Kc7 19. b3 Nb2
20. O-O 1-0

[Event "ch-NOR"]
[Site "Moss NOR"]
[Date "2006.07.09"]
[Round "2"]
[White "Sahl,Bj"]
[Black "Hammer,J"]
[Result "1/2-1/2"]
[WhiteElo "2364"]
[BlackElo "2325"]
[EventDate "2006.07.08"]

1. e4 e5 2. f4 Nc6 3. Nf3 f5 4. exf5 e4 5. Ne5 Nxe5 6. fxe5 Qe7 7. d4 exd3
8. Qh5+ Kd8 9. Bxd3 Qxe5+ 10. Kd1 Nf6 11. Qf3 d5 12. Nc3 c6 13. Bf4 Qd4 14.
Kc1 Bc5 15. Rf1 Re8 16. Ne2 Qa4 17. Qg3 Re7 18. Bd6 Bxd6 19. Qxd6+ Bd7 20.
b3 Qa5 21. Kb2 Qc7 22. Qf4 Qe5+ 23. Nd4 Kc7 24. c3 Qxf4 25. Rxf4 Rae8 26.
Nc2 Ne4 27. Rd1 Nc5 28. Bf1 Rf7 29. g4 g6 30. c4 Re4 31. Rd4 gxf5 32. cxd5
cxd5 33. Rdxe4 Nxe4 34. Ne3 Kd6 35. gxf5 Ke5 36. Rh4 Bxf5 37. Nxd5 Be6 38.
Ne3 Rf2+ 39. Ka3 Nc3 40. Bc4 a5 41. b4 b5 42. bxa5 bxc4 43. Nxc4+ Kd5 44.
Kb3 Ne4 45. Kb4 Rxa2 46. Nb6+ Ke5 47. Na4 Ra1 48. a6 Rb1+ 49. Ka5 Nd6 50.
Nc3 Rb3 51. a7 Nb7+ 52. Ka4 Nc5+ 53. Ka5 Rxc3 54. Kb4 Rb3+ 1/2-1/2

[Event "ch-NOR"]
[Site "Moss NOR"]
[Date "2006.07.09"]
[Round "2"]
[White "Elsness,F"]
[Black "Agdestein,S"]
[Result "1/2-1/2"]
[WhiteElo "2428"]
[BlackElo "2575"]
[EventDate "2006.07.08"]

1. d4 d5 2. c4 dxc4 3. e3 e5 4. Bxc4 exd4 5. exd4 Bd6 6. Nf3 Nf6 7. O-O O-O
8. Bg5 h6 9. Bh4 Nc6 10. Nc3 Bg4 11. h3 Bxf3 12. Qxf3 g5 13. Bg3 Bxg3 14.
fxg3 Qxd4+ 15. Kh1 Qxc4 16. Qxf6 Qe6 17. Qf3 f5 18. Nd5 Rf7 19. Rae1 Qd6
20. Rd1 Re8 21. Ne3 Ne5 22. Qxb7 Qe6 23. Qd5 f4 24. gxf4 gxf4 25. Qxe6 Rxe6
26. Nd5 f3 27. gxf3 c6 28. Nc3 Nxf3 29. Rf2 Re3 30. Rdf1 Kg7 31. Kg2 Ne1+
32. Kh2 Rxf2+ 33. Rxf2 Nd3 34. Nd1 Nxf2 35. Nxe3 Nd3 36. Nc4 Kf6 37. Kg3
Kg5 38. h4+ Kf5 39. Kf3 h5 40. Ke3 Nf4 41. Kf3 Ng6 42. Ne3+ Ke5 43. Ng2 c5
44. b3 a5 45. Ke3 Kf5 46. Kf3 Ke5 47. Ke3 Kf5 48. Kf3 Ne5+ 49. Kg3 Nd3 50.
Ne3+ Ke4 51. Nc4 Nc1 52. Nxa5 Nxa2 53. Nb7 Kd5 54. Kf4 Nc1 55. Na5 Ne2+ 56.
Kg5 Ng3 57. Nb7 c4 58. bxc4+ Kxc4 59. Kf4 Ne2+ 60. Kf3 Kd5 61. Kxe2 Ke4 62.
Nd6+ Kf4 63. Nf7 Kg4 64. Ke3 Kxh4 65. Kf3 Kh3 66. Ng5+ Kh4 67. Ne4 Kh3 68.
Nd2 Kh2 69. Kf2 Kh3 70. Kf3 1/2-1/2

[Event "ch-NOR"]
[Site "Moss NOR"]
[Date "2006.07.09"]
[Round "2"]
[White "Stubberud,O"]
[Black "Lie,Es"]
[Result "1/2-1/2"]
[WhiteElo "2202"]
[BlackElo "2357"]
[EventDate "2006.07.08"]

1. e4 c5 2. Nf3 g6 3. d4 cxd4 4. Nxd4 Bg7 5. c4 Nc6 6. Be3 Nf6 7. Nc3 O-O
8. Be2 d6 9. O-O Bd7 10. f3 Nxd4 11. Bxd4 Bc6 12. Qd2 a5 13. b3 Nd7 14. Be3
Nc5 15. Rab1 Qb6 16. Rfc1 Rfc8 17. Rc2 Qd8 18. a3 h5 19. Bf1 Kh7 20. b4
axb4 21. axb4 Ne6 22. Nd5 Ra3 23. Kh1 Rca8 24. f4 Ra1 25. Rbc1 Qh8 26. Bd3
Bxd5 27. exd5 Nd4 28. Bxd4 Bxd4 29. g3 b6 30. Qe2 Qf6 31. Qxh5+ Kg7 32. Qe2
Bb2 33. Rxa1 Rxa1+ 34. Kg2 Bc3 35. Qe4 Re1 36. Re2 Rxe2+ 37. Bxe2 Bxb4 38.
h4 Bc5 39. Bd3 Qb2+ 40. Kh3 Qf6 41. Kg2 Qa1 42. Kh3 Qg1 43. Qg2 Qd1 44. Qe2
Qh1+ 45. Qh2 Qa1 46. Qe2 Qh1+ 1/2-1/2

[Event "ch-NOR"]
[Site "Moss NOR"]
[Date "2006.07.09"]
[Round "2"]
[White "Madsen,D"]
[Black "Tallaksen,G"]
[Result "0-1"]
[WhiteElo "2290"]
[BlackElo "2356"]
[EventDate "2006.07.08"]

1. Nf3 Nf6 2. c4 e6 3. g3 d5 4. d4 dxc4 5. Bg2 Bd7 6. Qc2 Bc6 7. Qxc4 Bd5
8. Qa4+ Qd7 9. Qxd7+ Nbxd7 10. Nc3 Bb4 11. Bd2 Bxc3 12. Bxc3 Ne4 13. O-O
O-O 14. Rfc1 Nxc3 15. Rxc3 c6 16. Bh3 Bxf3 17. Rxf3 Rfd8 18. Rb3 Rab8 19.
Rc1 Kf8 20. e3 Ke7 21. Ra3 Ra8 22. b4 Nb6 23. Bg2 a6 24. Rc5 Kd6 25. f4 f5
26. g4 g6 27. e4 fxe4 28. f5 gxf5 29. gxf5 Nd7 30. Bxe4 Nxc5 31. bxc5+ Ke7
32. Rb3 Rab8 33. fxe6 Rxd4 34. Bxh7 Kxe6 35. Rg3 Rd1+ 36. Kf2 Rd2+ 37. Ke3
Rxh2 38. Bd3 Rh5 39. Bc4+ Kf6 40. Rf3+ Rf5 0-1

[Event "ch-NOR"]
[Site "Moss NOR"]
[Date "2006.07.09"]
[Round "2"]
[White "Stokke,K"]
[Black "Sagafos,M"]
[Result "0-1"]
[WhiteElo "2303"]
[BlackElo "2331"]
[EventDate "2006.07.08"]

1. e4 e5 2. Nf3 Nc6 3. Bb5 a6 4. Ba4 Nf6 5. O-O b5 6. Bb3 Bc5 7. c3 d6 8.
a4 Rb8 9. d4 Bb6 10. axb5 axb5 11. Na3 O-O 12. Nxb5 exd4 13. cxd4 Bg4 14.
Ra4 Qe8 15. Qd3 Bh5 16. Bc2 Bg6 17. d5 Ne5 18. Nxe5 Qxe5 19. Kh1 Ng4 20. f4
Qh5 21. Qg3 f5 22. Bd1 Nf2+ 23. Qxf2 Qxd1 24. Rxd1 Bxf2 25. Nc3 Rfe8 26.
Rf1 Bc5 27. h3 fxe4 28. f5 Bf7 29. Nxe4 Bb4 30. Nc3 Bxc3 31. bxc3 Bxd5 32.
Rg4 Rb1 33. Kg1 Re2 34. Bg5 Rbb2 35. Rd1 Rxg2+ 36. Kf1 Rgf2+ 37. Kg1 Bf3
38. Re1 Rg2+ 0-1

[Event "ch-NOR"]
[Site "Moss NOR"]
[Date "2006.07.09"]
[Round "2"]
[White "Dannevig,O"]
[Black "Jansson,J"]
[Result "1-0"]
[WhiteElo "2382"]
[BlackElo "2300"]
[EventDate "2006.07.08"]

1. e4 e5 2. Nf3 Nc6 3. Bb5 a6 4. Ba4 Nf6 5. O-O Be7 6. Re1 b5 7. Bb3 Bb7 8.
d3 O-O 9. Nbd2 d6 10. a3 Nd7 11. Nf1 Nc5 12. Ba2 Ne6 13. c3 Bf6 14. Ne3 g6
15. Ng4 Re8 16. d4 exd4 17. cxd4 Nb8 18. b4 Bg7 19. Nh6+ Bxh6 20. Bxh6 d5
21. e5 Nc6 22. Qd3 Qd7 23. Be3 Ne7 24. Bd2 Nc8 25. h3 Nb6 26. Nh2 h5 27. f4
Ng7 28. g4 Nc4 29. Rf1 Qe7 30. f5 gxf5 31. gxf5 Qh4 32. Rf4 Qg5+ 33. Kf2
Kh8 34. Rg1 Qh6 35. Bc1 Bc8 36. f6 Nf5 37. Rxf5 Bxf5 38. Qxf5 1-0

[Event "ch-NOR"]
[Site "Moss NOR"]
[Date "2006.07.09"]
[Round "2"]
[White "Bae,T"]
[Black "Hansen,TR"]
[Result "1-0"]
[WhiteElo "2284"]
[BlackElo "2319"]
[EventDate "2006.07.08"]

1. e4 c5 2. Nf3 d6 3. Bc4 Nf6 4. d3 Nc6 5. O-O g6 6. Ng5 Ne5 7. Bb5+ Bd7 8.
Bxd7+ Qxd7 9. f4 Nc6 10. h3 Bg7 11. Be3 d5 12. Nd2 dxe4 13. dxe4 Rd8 14.
Qe1 Nb4 15. Qb1 Nh5 16. Rf2 b6 17. a3 Nc6 18. Qa2 O-O 19. e5 Nd4 20. Ndf3
Bh6 21. Bxd4 Bxg5 22. e6 fxe6 23. Nxg5 cxd4 24. Qxe6+ Kh8 25. Nf7+ Rxf7 26.
Qxf7 Ng3 27. Re1 Nf5 28. Rfe2 d3 29. Rxe7 Qd4+ 30. Kh1 1-0

[Event "ch-NOR"]
[Site "Moss NOR"]
[Date "2006.07.10"]
[Round "3"]
[White "Lie,Es"]
[Black "Gabrielsen,T"]
[Result "1/2-1/2"]
[WhiteElo "2357"]
[BlackElo "2235"]
[EventDate "2006.07.08"]

1. e4 c5 2. g3 d5 3. exd5 Qxd5 4. Nf3 Bg4 5. Bg2 Qe6+ 6. Kf1 Nc6 7. Nc3 Nf6
8. h3 Bh5 9. d3 Qd7 10. g4 Bg6 11. Bf4 e6 12. Ne5 Nxe5 13. Bxe5 Bd6 14.
Bxd6 Qxd6 15. b3 Rb8 16. Rb1 O-O 17. Qe2 Nd5 18. Nxd5 exd5 19. Re1 c4 20.
dxc4 dxc4 21. bxc4 Qd7 22. Bd5 Rfe8 23. Qf3 Rxe1+ 24. Kxe1 b5 25. Kf1 bxc4
26. Bxc4 Bxc2 27. Kg2 Rc8 28. Bd5 Rc5 29. Re1 1/2-1/2

[Event "ch-NOR"]
[Site "Moss NOR"]
[Date "2006.07.10"]
[Round "3"]
[White "Agdestein,S"]
[Black "Djurhuus,R"]
[Result "1-0"]
[WhiteElo "2575"]
[BlackElo "2462"]
[EventDate "2006.07.08"]

1. d4 Nf6 2. c4 c5 3. d5 b5 4. cxb5 a6 5. bxa6 g6 6. Nc3 Bxa6 7. g3 d6 8.
Bg2 Bg7 9. Nf3 Nbd7 10. Rb1 Nb6 11. b3 Bc8 12. Nd2 Bf5 13. e4 Bc8 14. a4
O-O 15. Nb5 Ba6 16. Bf1 e6 17. dxe6 fxe6 18. Bh3 Re8 19. O-O Qd7 20. Bb2
Bxb5 21. axb5 Qxb5 22. Qf3 Nfd7 23. Bxg7 Kxg7 24. Qc3+ Kg8 25. Nf3 d5 26.
Ng5 Qc6 27. Qf3 Rf8 28. Qg4 Rae8 29. Qh4 Nf6 30. e5 Nh5 31. Bg4 c4 32. Bxh5
gxh5 33. Qxh5 Re7 34. Qg4 Kh8 35. Qd4 Rc8 36. f4 Qc5 37. Nf3 c3 38. Rbc1
Nd7 39. Qxc5 Rxc5 40. Nd4 Nb8 41. Rf3 Nc6 42. Nxc6 Rxc6 43. Rcxc3 Rec7 44.
Rxc6 Rxc6 45. b4 d4 46. Rd3 Rc4 47. b5 Rb4 48. Kg2 Kg7 49. g4 h5 50. h3 h4
51. Kf3 Rxb5 52. Ke4 Rb1 53. f5 Rf1 54. Rxd4 Rh1 55. Rd3 Kf7 56. Kf4 Ke7
57. f6+ Ke8 58. Kg5 Re1 59. Kg6 1-0

[Event "ch-NOR"]
[Site "Moss NOR"]
[Date "2006.07.10"]
[Round "3"]
[White "Hammer,J"]
[Black "Ostenstad,B"]
[Result "0-1"]
[WhiteElo "2325"]
[BlackElo "2480"]
[EventDate "2006.07.08"]

1. e4 e6 2. Nf3 d5 3. Nc3 Nf6 4. e5 Nfd7 5. d4 c5 6. dxc5 Nc6 7. Bf4 Be7 8.
Bg3 Nxc5 9. Bd3 Bd7 10. O-O Rc8 11. a3 O-O 12. Re1 Nxd3 13. cxd3 a6 14. Bf4
b5 15. Ne2 b4 16. axb4 Nxb4 17. Ned4 Qb6 18. Be3 Qb7 19. Qb3 Rc7 20. Rec1
Rxc1+ 21. Bxc1 Rc8 22. Bd2 Qb6 23. Rc1 Rxc1+ 24. Bxc1 a5 25. Bd2 Qc7 26.
Bxb4 Bxb4 27. Qc2 Qb6 28. b3 Bc5 29. g3 a4 30. bxa4 Bxd4 31. a5 Qxa5 32.
Nxd4 Qa1+ 33. Kg2 Qxd4 34. Qc7 Qa4 0-1

[Event "ch-NOR"]
[Site "Moss NOR"]
[Date "2006.07.10"]
[Round "3"]
[White "Gabrielsen,S"]
[Black "Bae,T"]
[Result "0-1"]
[WhiteElo "2288"]
[BlackElo "2284"]
[EventDate "2006.07.08"]

1. e4 c6 2. Nc3 d5 3. Nf3 Bg4 4. h3 Bxf3 5. Qxf3 e6 6. Be2 Nf6 7. O-O Nbd7
8. d4 dxe4 9. Nxe4 Nxe4 10. Qxe4 Nf6 11. Qh4 Be7 12. Rd1 O-O 13. Bd3 h6 14.
c3 Qb6 15. Bc2 Qb5 16. a4 Qe2 17. Bd2 c5 18. Qg3 cxd4 19. Bd3 Qh5 20. cxd4
Nd5 21. Rac1 Rfd8 22. Qe5 Qh4 23. Qe4 Qxe4 24. Bxe4 Rd7 25. a5 Rad8 26. Bf3
Bf6 27. Be3 Ne7 28. g4 b6 29. a6 Nd5 30. Rc4 Rd6 31. Rdc1 Kf8 32. Rc8 Ke7
33. Rxd8 Kxd8 34. Be2 Bg5 35. Bxg5+ hxg5 36. Rc4 Nc7 37. b4 Nb5 38. Rc1
Nxd4 39. Bf1 e5 40. Kg2 f6 41. Bd3 Rc6 42. Rd1 Rc3 43. Be4 Kc7 44. f3 b5
45. Kf2 Kb6 46. Bb7 Rc2+ 47. Ke3 Rc4 48. Rh1 Rxb4 49. h4 gxh4 0-1

[Event "ch-NOR"]
[Site "Moss NOR"]
[Date "2006.07.10"]
[Round "3"]
[White "Hole,O"]
[Black "Johannessen,LE"]
[Result "1-0"]
[WhiteElo "2346"]
[BlackElo "2555"]
[EventDate "2006.07.08"]

1. Nf3 Nf6 2. c4 e6 3. Nc3 c5 4. g3 b6 5. Bg2 Bb7 6. O-O Be7 7. Re1 d5 8.
cxd5 Nxd5 9. d4 Nxc3 10. bxc3 O-O 11. e4 cxd4 12. cxd4 Nc6 13. Bb2 Bf6 14.
Rc1 Rc8 15. Rc2 Na5 16. Bf1 Qd7 17. Bd3 h6 18. Rxc8 Rxc8 19. Re2 Nc4 20.
Ba1 b5 21. Rc2 Na3 22. Rxc8+ Qxc8 23. Bb2 Nc4 24. Ba1 Qa8 25. Qe2 Qd8 26.
Bc3 a5 27. Bxc4 bxc4 28. Nd2 Ba6 29. e5 Be7 30. Ne4 Qd5 31. f3 Bb5 32. Qb2
Bd8 33. Kg2 Kh7 34. Qa3 Kg8 35. Qc5 Qxc5 36. dxc5 Bc6 37. Nd6 Bd5 38. Kf2
f6 39. f4 fxe5 40. fxe5 Bg5 41. Bxa5 Bc1 42. Nb5 Kf7 43. Ke2 Ke7 44. Bd2
Bb2 45. Bc3 Bc6 46. Bxb2 Bxb5 47. Ke3 Kd7 48. Kd4 Kc6 49. Bc3 h5 50. Bd2 g6
51. Bc3 Kd7 52. Ke4 Bc6+ 53. Kf4 Ke7 54. Bb4 Ke8 55. Ke3 Kd7 56. Bc3 Bd5
57. a4 Bc6 58. a5 Bd5 59. Kf4 Kc6 60. Kg5 Kxc5 61. Kxg6 Bf3 62. h3 Kb5 63.
Kf6 1-0

[Event "ch-NOR"]
[Site "Moss NOR"]
[Date "2006.07.10"]
[Round "3"]
[White "Stubberud,O"]
[Black "Dannevig,O"]
[Result "1/2-1/2"]
[WhiteElo "2202"]
[BlackElo "2382"]
[EventDate "2006.07.08"]

1. e4 e5 2. Nf3 Nc6 3. Bb5 Nf6 4. O-O Nxe4 5. d4 Nd6 6. Bxc6 dxc6 7. dxe5
Nf5 8. Qxd8+ Kxd8 9. Nc3 h6 10. Rd1+ Ke8 11. b3 Ne7 12. h3 Ng6 13. Bb2 Be6
14. Ne2 Bc5 15. c4 a5 16. Ned4 Bxd4 17. Nxd4 c5 18. Ne2 Rd8 19. Rxd8+ Kxd8
20. Rd1+ Kc8 21. g4 h5 22. f3 a4 23. Kg2 axb3 24. axb3 hxg4 25. hxg4 Rd8
26. Rxd8+ Kxd8 27. Kg3 Ne7 28. f4 g6 29. Nc3 1/2-1/2

[Event "ch-NOR"]
[Site "Moss NOR"]
[Date "2006.07.10"]
[Round "3"]
[White "Jansson,J"]
[Black "Stokke,K"]
[Result "0-1"]
[WhiteElo "2300"]
[BlackElo "2303"]
[EventDate "2006.07.08"]

1. Nf3 c5 2. c4 g6 3. d4 cxd4 4. Nxd4 Nc6 5. g3 Bg7 6. Nc2 d6 7. Bg2 Be6 8.
Ne3 Rc8 9. O-O Qd7 10. Nd2 Nf6 11. Rb1 O-O 12. Re1 d5 13. cxd5 Nxd5 14. Ne4
Rfd8 15. Nc5 Nxe3 16. Qxd7 Bxd7 17. Bxe3 Bf5 18. Nxb7 Rd7 19. Nc5 Bxb1 20.
Nxd7 Bf5 21. Rd1 Nd4 22. f4 Nxe2+ 23. Kf2 Rc2 24. Rd2 Rxd2 25. Bxd2 Bxd7
26. Kxe2 Bxb2 27. Be3 a5 28. Bd5 Bb5+ 29. Kd2 a4 30. Bc5 e6 31. Be4 Bc4 32.
a3 Bd5 33. Bc2 Bc6 34. Bd3 f5 35. Ba6 Kf7 36. Kd3 Be4+ 37. Kc4 Bc1 38. Kb4
Bc2 39. Kc3 Bd1 40. Bc4 g5 41. Bd6 h5 42. Bd3 Be3 43. Bc2 Bxc2 44. Kxc2 g4
45. Kd3 Bg1 46. Ke2 Ke8 47. Kf1 Kd7 48. Kxg1 Kxd6 49. Kf2 Kd5 50. Ke2 e5
0-1

[Event "ch-NOR"]
[Site "Moss NOR"]
[Date "2006.07.10"]
[Round "3"]
[White "Hansen,TR"]
[Black "Madsen,D"]
[Result "1-0"]
[WhiteElo "2319"]
[BlackElo "2290"]
[EventDate "2006.07.08"]

1. e4 Nf6 2. e5 Nd5 3. c4 Nb6 4. d4 d6 5. exd6 exd6 6. Nc3 Be7 7. Bd3 Nc6
8. Nge2 O-O 9. O-O Re8 10. b3 Bf6 11. Be3 Bg4 12. Qd2 Nb4 13. h3 Be6 14. d5
Bd7 15. Be4 a5 16. Rac1 Na6 17. Bb1 Nc5 18. Ng3 Nc8 19. Nge4 Nxe4 20. Nxe4
Bf5 21. Nxf6+ Qxf6 22. Rfe1 Ne7 23. Bg5 Qg6 24. Bxe7 Bxb1 25. Rxb1 Rxe7 26.
Rxe7 Qxb1+ 27. Re1 Qf5 28. Qxa5 Qc8 29. Qd2 Qd7 30. Qe2 h6 31. a4 Kf8 32.
Qe4 f5 33. Qe6 Qxe6 34. Rxe6 Ra6 35. f4 Kf7 36. Kf2 Rb6 37. Re3 g5 38. g3
Ra6 39. Ke2 Rb6 40. Kd2 Ra6 41. Re6 gxf4 42. gxf4 Ra8 43. Rxh6 Kg7 44. Re6
Kf7 45. Re3 Rg8 46. Kc3 Rg1 47. Rf3 Ke7 48. Kb4 Kd7 49. Kb5 Rg2 50. a5 Rg1
51. h4 Rh1 52. Rg3 Rxh4 53. Rg7+ Kc8 54. a6 Kb8 55. Rf7 bxa6+ 56. Kxa6 Kc8
57. Rxf5 Rh3 58. b4 1-0

[Event "ch-NOR"]
[Site "Moss NOR"]
[Date "2006.07.10"]
[Round "4"]
[White "Johannessen,LE"]
[Black "Stubberud,O"]
[Result "1-0"]
[WhiteElo "2555"]
[BlackElo "2202"]
[EventDate "2006.07.08"]

1. d4 Nf6 2. c4 g6 3. Nf3 Bg7 4. g3 O-O 5. Bg2 d6 6. O-O Nbd7 7. Nc3 e5 8.
e4 exd4 9. Nxd4 Re8 10. h3 a6 11. Be3 Rb8 12. b3 c5 13. Nde2 b5 14. Qxd6 b4
15. Na4 Nxe4 16. Bxe4 Bxa1 17. Rxa1 Rxe4 18. Nxc5 Rxe3 19. fxe3 Rb6 20. Qd4
Qc7 21. Nxd7 Bxd7 22. Kh2 Rd6 23. Qf4 Qc5 24. Rf1 f5 25. Nd4 a5 26. g4 Rf6
1-0

[Event "ch-NOR"]
[Site "Moss NOR"]
[Date "2006.07.10"]
[Round "4"]
[White "Gabrielsen,T"]
[Black "Dannevig,O"]
[Result "1/2-1/2"]
[WhiteElo "2235"]
[BlackElo "2382"]
[EventDate "2006.07.08"]

1. e4 e5 2. Nf3 Nc6 3. Bb5 Nf6 4. O-O Nxe4 5. d4 Nd6 6. Bxc6 dxc6 7. dxe5
Nf5 8. Qxd8+ Kxd8 9. Nc3 Ne7 10. Rd1+ Ke8 11. Nd4 a6 12. Ne4 Ng6 13. Re1 c5
14. Ne2 Be6 15. f4 h5 16. b3 h4 17. c4 Kd7 18. Be3 Kc6 19. Rf1 Bf5 20. N4c3
a5 21. Kf2 b6 22. Kf3 Be7 23. Rfd1 f6 24. exf6 Bxf6 25. Rd2 a4 26. Rc1 axb3
27. axb3 Ra3 28. b4 cxb4 29. Nd5 Re8 30. Kf2 Kb7 31. c5 b3 32. Nxf6 Rxe3
33. Nd5 Rd3 34. Rxd3 Bxd3 35. c6+ Kb8 36. Nec3 b2 37. Re1 Ka7 38. Re8 b5
39. Rc8 Nxf4 40. Rxc7+ Ka6 41. Rc8 Nxd5 42. Nxd5 Ka7 43. Rc7+ Ka6 44. Rc8
Ka7 1/2-1/2